000 00672nam a2200193Ia 4500
005 20260415160336.0
008 008 250505s9999 xx 000 0 eng d
037 _aTextual
040 _aFEDL
_beng
_cFEDL
041 _aeng
_2eng
084 _a371.6 DOR
_qFEDL
100 _aDoren Alice B Van
245 0 _aChristian high schools in India : Being the report of a survey conducted on behalf of the nationala christian council of India, Burma and Ceylon
260 _aCalcutta, India
_bYMCA Publishing House
_c1936
300 _a170p
490 _aThe educaton of India series
942 _cTEXL
_h371.6 DOR
999 _c1321893
_d1321893